000 00840nam a2200253Ia 4500
001 22082
005 20260320113341.0
008 260320s9999||||xx |||||||||||||| ||und||
041 _aESP
082 _a985.41
_bP636N
100 _aPepper Figueroa, Anibal,
_eAUT
245 0 _aNuestra Arequipa blanca y bella :
_b"eterno cielo azul, puro sol"
246 _a
_5
_b
250 _aCuarta edición
260 _aArequipa :
_bJhordans impresiones,
_c2026
300 _a75 páginas :
_b
_c21 cm.
_e
440 _a
_n
_v
650 _aHIS
653 _aHistoria; Historia de Arequipa
654 _aCHU
700 _aRoberts, Patricia,
_ccoAUT
856 _uhttps://0u20jrxga-y-https-www-jstor-org.itmsp.museknowledge.com/action/doBasicSearch?Query=Arequipa+historia&so=rel
_zVéase además: Base de datos JSTOR
942 _cLIB
_dJUS
_fMIP
_2ddc
_n
999 _c22082
_d22082